Statistics for The 10 Most Used Emotes in Fortnite

Click here to take the quiz!

General Stats

  • This quiz has been taken 143 times
  • The average score is 3 of 10

Answer Stats

RankAnswer% Correct
5Take the L
77%
1Get griddy
58%
2Laugh It Up
58%
3Popular Vibe
40%
10Dance Moves
33%
7Boogie Down
32%
9Billy Bounce
19%
4Crowning achievement
11%
6I'm a mystery
11%
8Real Slim Shady
5%

Score Distribution

Percentile by Number Answered

Percent of People with Each Score

Your Score History

You have not taken this quiz